000 00761nam a22001577a 4500
003 OSt
005 20150915101549.0
008 150915b xxu||||| |||| 00| 0 eng d
040 _cRUA
082 _aAGR SAM 2002 B027 Or.1
100 _9490
_aSAMOEUN, KAKDA.
245 _apesticide risk assessement on vegetable production in saang district of kandal province(ការប្រថុយប្រថានជាមួុគ្រោះថ្នាក់ក្នុងការប្រើប្រាស់ថ្នាំកសិកម្មលើផលិតកម្មដំណាំបន្លែនៅស្រុកស្អាង ខេត្តកណ្តាល)
260 _aPhnom Penh
_bRUA
_c2002
300 _a39p.
_bill.
_c29cm.
942 _2ddc
_cAGR
999 _c469
_d469